Lezioni di calcolo infinitesimale dettate / (Record no. 116698)
[ view plain ]
| 000 -LEADER | |
|---|---|
| campo de control de longitud fija | 00473nam a2200169 4500 |
| 001 - NÚMERO DE CONTROL | |
| campo de control | 116698 |
| 003 - IDENTIFICADOR DE NÚMERO DE CONTROL | |
| campo de control | ES-MaACL |
| 005 - FECHA Y HORA DE LA ÚLTIMA TRANSACCIÓN | |
| campo de control | 20230906190743.0 |
| 007 - CAMPO FIJO DE DESCRIPCIÓN FÍSICA--INFORMACIÓN GENERAL | |
| campo de control de longitud fija | t| |
| 008 - DATOS DE LONGITUD FIJA--INFORMACIÓN GENERAL | |
| campo de control de longitud fija | 061121m19101919it r ||||1| ita d |
| 100 1# - ENTRADA PRINCIPAL--NOMBRE DE PERSONA | |
| Nombre de persona | Pascal, Ernesto. |
| 9 (RLIN) | 89312 |
| 245 10 - MENCIÓN DEL TÍTULO | |
| Título | Lezioni di calcolo infinitesimale dettate / |
| Mención de responsabilidad, etc. | da Ernesto Pascal. |
| 250 ## - MENCION DE EDICION | |
| Mención de edición | 3ª ed. rev. |
| 260 ## - PUBLICACIÓN, DISTRIBUCIÓN, ETC. | |
| Lugar de publicación, distribución, etc. | Milano : |
| Nombre del editor, distribuidor, etc. | Ulrico Hoepli, |
| Fecha de publicación, distribución, etc. | 1910-1919. |
| 300 ## - DESCRIPCIÓN FÍSICA | |
| Extensión | 3 v. : |
| Otras características físicas | il ; |
| Dimensiones | 15 cm. |
| 852 ## - LOCALIZACIÓN | |
| Ubicación | ES-MaACL |
| Número de control de estantería | D-3596-8 |
| Estatus retirado | Estado de pérdida | Estado de daño | No para préstamo | Biblioteca de origen | Biblioteca actual | Ubicación en estantería | Fecha de adquisición | Fuente de adquisición | Total de préstamos | Signatura topográfica completa | Código de barras | Visto por última vez | Precio de reemplazo | Tipo de ítem Koha |
|---|---|---|---|---|---|---|---|---|---|---|---|---|---|---|
| Biblioteca del Ateneo de Madrid | Biblioteca del Ateneo de Madrid | Sala Valle Inclán | 17/01/2008 | D-3596-8 | 901121683 | 23/02/2023 | 23/02/2023 | Libro impreso |
